Online
Catalog

Haiti : son et ses détracteurs. (Record no. 32205)

MARC details
000 -CABECERA
campo de control de longitud fija 00244nam a2200097 a 4500
005 - FECHA Y HORA DE LA ÚLTIMA TRANSACCIÓN
campo de control 20200930065806.0
008 - DATOS DE LONGITUD FIJA--INFORMACIÓN GENERAL
campo de control de longitud fija 110725s1907 000 spa d
040 ## - FUENTE DE LA CATALOGACIÓN
Centro catalogador/agencia de origen DO-SdBNP
245 #0 - MENCIÓN DE TÍTULO
Título Haiti : son et ses détracteurs.
260 ## - PUBLICACIÓN, DISTRIBUCIÓN, ETC.
Lugar de publicación, distribución, etc. New York,
Fecha de publicación, distribución, etc. 1907.

No items available.

Powered by Koha